000 00918mam a2200193 a 4500
005 20131016054836.0
008 970602s1997 nyu b 001 0 eng
020 _a080148457X
041 0 _ager
080 _a32 (035) EVE
100 1 _aVan Evera, Stephen.
245 1 0 _aGuide to methods for students of political science /
_cStephen Van Evera.
260 _aIthaca :
_bCornell University Press,
_c1997.
300 _avi, 136 p. ;
_c21 cm.
504 _aIncludes bibliographical references (p. [129]-133) and index.
505 0 0 _g1.
_tHypotheses, Laws, and Theories: A User's Guide --
_g2.
_tWhat Are Case Studies? How Should They Be Performed? --
_g3.
_tWhat Is a Political Science Dissertation? --
_g4.
_tHelpful Hints on Writing a Political Science Dissertation --
_g5.
_tThe Dissertation Proposal --
_g6.
_tProfessional Ethics --
_gApp.
_tHow to Write a Paper.
650 0 _aShkenca politike
_xMetodologjia
942 _2udc
_cBK
999 _c124
_d124